000 01253nam a2200277Ia 4500
999 _c55571
_d55571
001 22653
003 GE_BSU
005 20230410154140.0
008 181216s2009||||fr |||||||||||||| ||fre||
020 _a9789941409745
040 _cGE_BSU
041 _afre
080 _a811.133.1(038) S-63
100 _aSIORIDZE, MARINA
_917584
245 _aDICTIONNAIRE DES ARGOTS ET VERLANS DU FRANCAIS CONTEMPORAIN :
_bთანამედროვე ფრანგული ენის ჟარგონისა და ვერლანის ლექსიკონი /
_cMARINA SIORIDZE ; რედ. ციური ახვლედიანი.
264 _aBatumi :
_bShota Rustaveli State University,
_c2009.
300 _a131 p. ;
_c21 cm.
300 _eBibl.:p. 130
505 _aBibl. : p. 130
541 _h5gel.
653 _aDICTIONNAIRE DES ARGOTS ET VERLANS DU FRANCAIS CONTEMPORAIN
653 _aთანამედროვე ფრანგული ენის ჟარგონისა და ვერლანის ლექსიკონი
653 _aფრანგული ენა
700 _aახვლედიანი, ციური
_eრედაქტორი
_917586
942 _cBK
_2udc